Psicolanálisis del hombre que parecía un caballo /
Tallennettuna:
| Päätekijä: | |
|---|---|
| Aineistotyyppi: | Tuntematon |
| Kieli: | Spanish |
| Julkaistu: |
Guatemala :
Editorial Cultura,
c1990.
|
| Sarja: | (Colección Obra Varia ;
8) |
| Aiheet: | |
| Tagit: |
Lisää tagi
Ei tageja, Lisää ensimmäinen tagi!
|
MARC
| LEADER | 000000000a22000000004500 | ||
|---|---|---|---|
| 001 | 002032 | ||
| 041 | 0 | |a spa | |
| 082 | 0 | 4 | |a G801.95 |b L545 |
| 100 | 1 | |a Lemus, William | |
| 245 | 1 | 0 | |a Psicolanálisis del hombre que parecía un caballo / |c William Lemus. |
| 260 | 1 | |a Guatemala : |b Editorial Cultura, |c c1990. | |
| 300 | |a 83 páginas ; |c 18 cm. | ||
| 490 | 1 | |a (Colección Obra Varia ; |v 8) | |
| 650 | 4 | |a CRITICA E INTERPRETACION LITERARIA | |
| 999 | |c 8637 |d 8637 | ||
| 942 | |c BK |h G801.95 L545 |2 z | ||
